[Event "12th KIIT International 2019"]
[Site "Odisha"]
[Date "2019.06.04"]
[Round "7.18"]
[White "Khusenkhojaev, Muhammad"]
[Black "Nayak Rajesh"]
[Result "1-0"]
[WhiteElo "2446"]
[BlackElo "2175"]
[Annotator "TA"]
[PlyCount "95"]
[EventDate "2019.05.31"]
[EventType "swiss"]
[EventCountry "IND"]
[SourceTitle "playchess.com"]
[Source "ChessBase"]
[SourceQuality "1"]

{[%evp 15,95,38,47,32,35,32,50,40,50,34,25,0,0,0,75,59,58,64,70,78,53,41,39,28,115,50,47,52,60,34,22,0,-4,-21,-6,-37,0,-12,-12,-18,0,0,0,0,0,0,35,-5,-12,-6,0,0,174,146,157,0,0,-143,-136,-227,-216,-211,-26,-26,0,0,0,0,0,0,0,0,0,-15,527,440,396,378,868,868,868,806]} 1. Nf3 Nf6 2. c4 g6 3. d4 Bg7 4. g3 O-O 5. Bg2 d6 6. O-O Nc6 7. Nc3 Bf5 8. d5 Na5 9. Nh4 {E62: King's Indian: Fianchetto: 6...c6 and Panno Variation (6...Nc6) without ...a6} Bd7 10. Qd3 {And now b4 would win.} c5 11. Bd2 {White is slightly better.} a6 12. b3 Rb8 13. Rab1 b5 14. Ne4 {[#]} Nb7 $146 (14... Nxe4 $11 {remains equal.} 15. Bxe4 Qc7) ({Predecessor:} 14... Nxe4 15. Bxe4 e5 16. dxe6 Bxe6 {1-0 (64) Xiong,J (2667)-Van Foreest,J (2612) Wijk aan Zee 2017}) 15. Nxf6+ Bxf6 16. f4 e6 17. dxe6 $1 fxe6 18. Nf3 Bc6 19. e4 d5 (19... Qe7 $11) 20. cxd5 (20. exd5 $1 $16 exd5 21. Qe2) 20... exd5 $14 21. e5 Be7 $1 22. b4 d4 23. Rbd1 Bd5 $1 24. Qa3 Qb6 25. bxc5 Qxc5 26. Qb2 d3+ 27. Kh1 Qc2 28. Qxc2 dxc2 29. Rc1 $1 Rfc8 30. Nd4 Bxa2 (30... Bxg2+ {is more complex.} 31. Kxg2 Rc4 32. Be3 Rd8 33. Nxc2 Rd3) 31. Rxc2 Rxc2 32. Nxc2 Rd8 $36 {[%mdl 2048] White is under pressure.} 33. Be3 Nc5 $2 (33... Bc4 $11 34. Ra1 Nc5) 34. Nb4 $1 $18 {[%cal Rb4c6] Hoping for Nc6.} Bc4 35. Rb1 $2 (35. Nc6 $16 Bxf1 36. Nxe7+ (36. Bxf1 Ne4 $16) 36... Kf7 37. Bxf1) 35... Kf7 $11 36. g4 (36. Bxc5 $11 Bxc5 37. Nxa6) 36... Ne6 $1 $17 {aiming for ...Bxb4.} 37. Be4 (37. Nc6 $17 {was necessary.} Rd3 38. Nxe7) 37... Bxb4 $19 38. Rxb4 {[#]} Rd1+ $2 (38... Nxf4 $1 $19 {[%mdl 512] ...Rd1+ is the strong threat.} 39. Bxf4 Rd4) 39. Kg2 $11 a5 40. Rb1 Rxb1 41. Bxb1 {[%mdl 4096] Endgame KBB-KBN} a4 42. f5 a3 43. Be4 b4 {White must now prevent ...gxf5.} 44. Kf3 b3 $2 {[%mdl 8192]} (44... Nc7 $11 {and Black has nothing to worry.} 45. e6+ Kg8) 45. fxe6+ $18 Kxe6 {[#]} 46. Bc5 $1 a2 $2 (46... Kxe5 47. Bxa3 Be2+ 48. Kxe2 Kxe4) 47. Bd4 Bb5 48. Ke3 {Accuracy: White = 51%, Black = 48%.} 1-0

[Event "12th KIIT International 2019"]
[Site "Odisha"]
[Date "2019.06.04"]
[Round "7.19"]
[White "Muthaiah AL"]
[Black "Joshi, Govind Ballabh"]
[Result "1-0"]
[WhiteElo "2427"]
[BlackElo "2121"]
[Annotator "TA"]
[PlyCount "81"]
[EventDate "2019.05.31"]
[EventType "swiss"]
[EventCountry "IND"]
[SourceTitle "playchess.com"]
[Source "ChessBase"]
[SourceQuality "1"]

{[%evp 11,81,27,34,-31,35,0,0,0,6,0,0,0,25,0,0,0,0,0,0,-27,-46,-33,9,12,12,17,27,0,20,18,34,34,47,46,37,58,35,6,45,48,95,48,43,47,47,45,270,268,254,228,254,248,410,370,378,371,366,370,440,422,666,647,2112,1752,5716,5097,12850,6195,29982,29983,29978,29979]} 1. d4 d5 2. c4 e6 3. Nf3 Nf6 4. g3 dxc4 5. Bg2 a6 6. O-O Nc6 7. Nbd2 {E04: Open Catalan: 5 Nf3} (7. Bg5 $14) (7. e3 Bd7 8. Qe2 b5 9. b3 cxb3 10. axb3 Be7 11. Bd2 O-O 12. Rc1 Nb4 13. Ne5 Nfd5 14. Nc3 c6 15. Ne4 f6 16. Nxd7 Qxd7 17. Nc5 Bxc5 18. Rxc5 f5 19. Ra5 Qc7 20. Ra1 Qd7 21. Ra5 Qc7 22. Ra1 Qd7 {½-½ (22) So,W (2780)-Duda,J (2737) chess.com INT 2018}) 7... Nxd4 (7... b5 $1 $15) 8. Nxd4 Qxd4 9. Qc2 {[#]The position is equal.} c3 $1 10. bxc3 Qc5 11. Rb1 Bd6 $146 ({Predecessor:} 11... Be7 12. Rd1 O-O 13. Ne4 Qf5 14. Nxf6+ Qxf6 15. Bxb7 Bxb7 16. Rxb7 Bc5 17. Rf1 Rac8 18. Bb2 Rfd8 19. c4 Qf5 20. Qxf5 exf5 {½-½ (20) Wilczek,T (2597)-Galanov,S (2519) ICCF email 2012}) 12. Ne4 Nxe4 13. Bxe4 f5 14. Be3 Qc4 15. Bd3 Qc6 16. c4 b6 {[#]} 17. c5 $1 {[%cal Rc5d6][%mdl 512]} bxc5 18. Rfc1 O-O 19. Rb3 Bb7 {[%csl Gb7][%cal Rc6h1]} 20. f3 Rad8 21. Bxc5 Rf7 22. Bxd6 Qxc2 23. Rxc2 cxd6 24. a4 {[%cal Ba2a4,Ba4a5,Ba5a6,Ba6a7][%mdl 32]} Rfd7 25. Rcb2 Bc6 26. a5 Bb5 27. Bxb5 axb5 28. Rxb5 $14 {[%mdl 4096] Endgame Threatens to win with a6. KRR-KRR} Ra8 $2 {[#]} (28... Ra7 $1 $14) 29. Rb8+ $1 $18 Rd8 30. Rxd8+ Rxd8 {KR-KR} 31. a6 Kf7 $2 (31... Ra8 {was worth a try.}) 32. Rb7+ Kf6 33. a7 {And now Rb8 would win.} Ra8 34. Kf2 Ke5 35. Rxg7 h5 (35... h6 $142 36. Ke3 Kd5) 36. h4 Kd4 37. g4 fxg4 38. fxg4 Rf8+ 39. Kg3 hxg4 40. h5 Ke3 41. h6 {Accuracy: White = 60%, Black = 25%.} 1-0

[Event "12th KIIT International 2019"]
[Site "Odisha"]
[Date "2019.06.05"]
[Round "8.1"]
[White "Iturrizaga Bonelli, Eduardo"]
[Black "Amonatov, Farrukh"]
[Result "1-0"]
[WhiteElo "2637"]
[BlackElo "2624"]
[Annotator "TA"]
[PlyCount "91"]
[EventDate "2019.05.31"]
[EventType "swiss"]
[EventCountry "IND"]
[SourceTitle "playchess.com"]
[Source "ChessBase"]
[SourceQuality "1"]

{[%evp 13,155,31,60,51,42,35,72,64,62,51,77,51,62,49,52,29,80,72,84,54,50,31,35,35,41,0,26,35,139,141,129,125,154,129,130,108,164,134,154,123,120,124,157,137,169,154,175,158,141,152,156,75,226,217,224,193,152,180,196,186,235,242,227,217,334,333,329,325,316,319,241,184,439,437,491,405,1101,1000,1079,1093,792,479,29956,29955,29957,29958,29958,29958,29960,29959,29963,29960,29961,29961,29960,29962,29961,29963,29961,29963,29963,29963,29962,29962,29963,29964,29963,29960,29968,29969,29969,29971,29971,29971,29972,29972,29972,29973,29971,29972,29976,29977,29977,29977,29980,29981,29981,29982,29983,29984,29984,29985,29985,29986,29986,29987,29987,29988,29988,29988,29989,29990,29994,29995]} 1. c4 Nf6 2. Nc3 g6 3. e4 d6 4. d4 Bg7 5. h3 O-O 6. Be3 e5 7. d5 a5 8. g4 {E71: King's Indian: 4 e4 d6 5 h3} Na6 9. Nge2 Nd7 10. h4 {White is better.} Ndc5 11. Ng3 $1 c6 12. Be2 cxd5 13. cxd5 Bd7 14. h5 a4 (14... Nc7 $11 {remains equal.}) 15. Qd2 $16 {[#]} Rb8 $146 ({Predecessor:} 15... Rc8) 16. Kf1 b5 17. Kg2 b4 18. Nd1 Nc7 19. Bh6 {Black must now prevent Bxg7.} Bf6 20. f3 Bb5 (20... Re8 $14) 21. Nf2 Bxe2 22. Nxe2 (22. Bxf8 $6 Bxf3+ 23. Kxf3 Bg5 $11) 22... b3 23. a3 Nb5 24. Rh2 Nd7 (24... Re8 $16 {was necessary.}) 25. Rc1 Re8 26. Be3 Rc8 27. Rhh1 Rxc1 28. Rxc1 Nd4 {[#]} 29. hxg6 $1 (29. Nxd4 $6 exd4 30. Bxd4 gxh5 $16) 29... fxg6 30. Nxd4 exd4 31. Bxd4 Rf8 {[#]} 32. Be3 (32. Rc3 $142 $1) 32... Bg7 $2 (32... g5 $16) 33. g5 $18 Qe7 34. f4 h6 35. gxh6 Bxh6 36. Rc7 Qd8 37. Ra7 Nf6 {intending ...Nh5.} 38. f5 ({Resist} 38. Rxa4 $6 Nh5 $16) 38... Bxe3 39. Qxe3 {And now Qh6 would win.} Rf7 40. fxg6 Rg7 41. Rxg7+ ({Less strong is} 41. Rxa4 Rxg6+ 42. Kf1 Qc8 $16) 41... Kxg7 42. Qa7+ Kxg6 $2 (42... Nd7 {is a better defense.} 43. Ng4 Kxg6 44. Qxa4 Qe7) 43. Qxa4 Qb6 44. Qb4 Qe3 (44... Nd7 $142 45. Nd3 Kf7) 45. Qxd6 Qd2 46. a4 {Played: e4-e5} 1-0

[Event "12th KIIT International 2019"]
[Site "Odisha"]
[Date "2019.06.05"]
[Round "8.2"]
[White "Kostenko, Petr"]
[Black "Turov, Maxim"]
[Result "1/2-1/2"]
[WhiteElo "2473"]
[BlackElo "2579"]
[Annotator "TA"]
[PlyCount "156"]
[EventDate "2019.05.31"]
[EventType "swiss"]
[EventCountry "IND"]
[SourceTitle "playchess.com"]
[Source "ChessBase"]
[SourceQuality "1"]

{[%evp 24,156,21,21,21,21,24,21,24,22,22,22,22,22,22,15,18,0,0,0,0,0,0,-29,-17,-6,0,-3,0,0,0,0,0,0,0,0,0,0,0,-20,1,-7,0,0,0,0,0,0,0,0,0,0,25,16,25,25,68,25,25,25,25,25,25,25,302,302,321,321,318,301,310,293,277,288,362,269,268,265,344,357,349,338,413,361,680,652,645,643,654,602,1631,394,338,294,276,280,293,257,681,674,670,521,634,137,137,137,137,137,137,137,137,137,137,137,137,137,137,137,137,137,137,137,137,137,137,137,122,8,8,0,0,0,8,0,8]} 1. e4 c6 2. d4 d5 3. exd5 cxd5 4. Bd3 Nc6 5. c3 Nf6 6. Bf4 Bg4 7. Qb3 Qd7 8. Nd2 {[%cal Bb1d2,Bd2f3,Bf3g5][%mdl 32]} e6 9. Ngf3 Bd6 10. Bxd6 Qxd6 11. O-O O-O 12. Rfe1 Bxf3 13. Nxf3 Qc7 {B13: Caro-Kann: Exchange Variation and Panov-Botvinnik Attack} 14. Qc2 Rfc8 15. Qe2 Rab8 16. g3 a6 17. a4 {[#]} Nd7 $146 ({Predecessor:} 17... Re8 18. Ne5 Nxe5 19. Qxe5 Qxe5 20. Rxe5 {½-½ (30) Blomqvist,E (2491)-Howell,D (2697) Norway 2018}) 18. Ng5 Nf6 19. Kg2 Na5 20. Qc2 {[%cal Rg5h7]} h6 21. Nf3 b5 22. Ne5 (22. axb5 {seems wilder.} axb5 23. Ne5 Nc4 24. Qe2 Qb6 25. Reb1) 22... Nc4 23. Kg1 (23. axb5 {with more complications.} axb5 24. Qe2 Qb6 25. Reb1 Qc7 26. Re1) 23... Nxe5 24. Rxe5 Qb6 25. Ree1 b4 26. a5 Qa7 27. Rec1 bxc3 28. bxc3 Rc6 29. Rab1 Rbc8 30. Qb2 g6 31. Qa1 h5 32. Rc2 Qc7 33. Rbc1 Qd6 34. c4 dxc4 35. Rxc4 Rxc4 36. Rxc4 Rxc4 37. Bxc4 Nd5 38. h4 Qc6 39. Bf1 Qd6 40. Qa2 (40. Qc1 $5 {[%cal Rc1c8]}) 40... Kf8 41. Qc4 {Black must now prevent Qc8+.} Nb4 42. Qc8+ Ke7 43. Qb7+ Kf6 $2 {[%mdl 8192]} (43... Kf8 $11 {and Black stays safe.}) 44. Bc4 $18 Nc2 45. d5 ({Not} 45. Bxa6 Nxd4 46. Bd3 Qa3 $16) (45. Qxa6 Qxa6 46. Bxa6 Nxd4 $16) 45... Nb4 {[%cal Re6d5]} 46. dxe6 fxe6 47. Qf3+ Ke7 48. Qc3 Kf7 49. Qe3 Ke7 50. Be2 Kf7 51. Qc3 e5 52. Qf3+ Kg7 {Now ...Nc6 and Black clings on.} 53. Qb7+ Kh6 $2 (53... Kf8 54. Bc4 Ke8) 54. Qc8 {[%cal Rc8h8]} Kg7 55. Bc4 {White wants to mate with Qg8+.} Kf6 56. Qe8 {[%csl Gc4][%cal Re8f7]} Kf5 57. Qa8 $2 (57. f3 {Intending Qf7+ and mate.} Qd1+ 58. Kg2 Qc2+ 59. Kh3 Qxc4 60. Qf8+ Ke6 61. Qg8+ {[%mdl 64] Double Attack} Kd7 62. Qxc4) 57... e4 58. Qa7 {Threatens to win with Qf7+.} Ke5 59. Qe3 Qd1+ 60. Kg2 Qf3+ $2 (60... Nd3 61. Kh2 (61. Bxa6 Ne1+ 62. Kh3 Qg4+ 63. Kh2 Nf3+ 64. Kg2 Nxh4+ 65. Kg1 Nf3+ 66. Kf1 Qh3+ 67. Ke2 Nd4+ 68. Kd2 Qd7 $16) 61... Qc2) 61. Qxf3 exf3+ 62. Kxf3 {[%mdl 4096] Endgame KB-KN} Nc6 {[#]} 63. Bxa6 $2 (63. Ke3 $1 $18 {and the rest is easy.} Nxa5 64. Bxa6) 63... Nxa5 $16 64. Bd3 Kf6 65. Ke4 Nc6 66. Kd5 Ne5 67. Be2 Nf7 68. Ke4 Nd6+ 69. Kf4 Nf5 70. Bd3 {aiming for Bxf5.} Nd6 71. Ke3 Nf7 72. Ke4 Ne5 73. Be2 Nc6 74. Kd5 Ne7+ {[#]} 75. Kd6 (75. Kd4 $1 $16) 75... Nf5+ $11 {The position is equal.} 76. Kd7 g5 77. hxg5+ Kxg5 78. Bd1 Nxg3 {Accuracy: White = 66%, Black = 56%.} 1/2-1/2

[Event "12th KIIT International 2019"]
[Site "Odisha"]
[Date "2019.06.05"]
[Round "8.3"]
[White "Neverov, Valeriy"]
[Black "Viani Antonio Dcunha"]
[Result "1-0"]
[WhiteElo "2495"]
[BlackElo "2362"]
[Annotator "TA"]
[PlyCount "47"]
[EventDate "2019.05.31"]
[EventType "swiss"]
[EventCountry "IND"]
[SourceTitle "playchess.com"]
[Source "ChessBase"]
[SourceQuality "1"]

{[%evp 20,47,8,-22,37,56,52,35,79,65,133,131,200,214,245,238,391,316,386,361,399,387,671,703,752,746,1550,1344,29994,29995]} 1. d4 Nf6 2. c4 g6 3. Nc3 Bg7 4. e4 d6 5. f3 O-O 6. Nge2 e5 7. Be3 c6 8. Qd2 Nbd7 9. O-O-O a6 10. Bh6 b5 11. h4 Qe7 {E86: King's Indian: Sämisch: 6...e5 7 Nge2 c6} (11... Bxh6 $11 12. Qxh6 Qa5) (11... Qa5 12. Bxg7 Kxg7 13. a3 Rb8 14. h5 b4 15. Na2 c5 16. dxe5 dxe5 17. Kb1 Qa4 18. axb4 cxb4 19. g4 Nc5 20. hxg6 fxg6 {1-0 (33) Inarkiev,E (2729)-Dai,C (2361) China 2016}) 12. Bxg7 $14 Kxg7 {[#]} 13. h5 $1 {[%mdl 512]} Bb7 $146 {White is slightly better.} (13... Nxh5 14. g4) ({Predecessor:} 13... Nb6 14. Ng3 Be6 15. c5 dxc5 16. hxg6 cxd4 17. Qh6+ Kg8 18. gxh7+ Kh8 19. Nce2 Bxa2 20. Rd2 Be6 21. f4 Ng4 22. Qh5 Nc4 23. f5 Qb4 {0-1 (23) Lacson,E-Chiong Zacarias,R (2390) Manila 1995}) 14. g4 b4 ({Better is} 14... d5 $14) 15. Na4 $16 d5 {[#]} (15... exd4 $16 {might work better.} 16. Qxd4 (16. hxg6 fxg6 17. Qxd4 Ne5 $16) 16... Ne5) 16. Ng3 $1 $18 exd4 17. g5 Ne8 $2 (17... Nxh5 18. Rxh5 (18. Nxh5+ gxh5 19. Rxh5 Rad8 $16) (18. Qxd4+ Qe5 $14) 18... Ne5 19. Qxd4 Kg8) 18. f4 Kg8 19. Bh3 Rd8 20. exd5 {And now Rde1 would win.} cxd5 $2 (20... Qe3 21. Qxe3 dxe3 22. Bxd7 Rxd7) 21. Rde1 Qd6 22. hxg6 {Nf5 is the strong threat.} hxg6 23. Bxd7 {Qh2 would kill now.} Rxd7 24. Qh2 {Accuracy: White = 85%, Black =  0%.} 1-0

[Event "12th KIIT International 2019"]
[Site "Odisha"]
[Date "2019.06.05"]
[Round "8.4"]
[White "Vasquez Schroeder, Rodrigo"]
[Black "Koustav Chatterjee"]
[Result "1/2-1/2"]
[WhiteElo "2476"]
[BlackElo "2404"]
[Annotator "TA"]
[PlyCount "53"]
[EventDate "2019.05.31"]
[EventType "swiss"]
[EventCountry "IND"]
[SourceTitle "playchess.com"]
[Source "ChessBase"]
[SourceQuality "1"]

{[%evp 9,53,23,14,14,6,13,14,6,16,27,46,30,31,36,31,35,31,30,31,31,34,34,35,19,26,-87,-101,-122,-118,-144,-139,-187,-175,-191,-194,-202,-167,-186,-183,-172,-21,-40,-4,-61,-27,-96]} 1. d4 Nf6 2. Bf4 d5 3. e3 c5 4. dxc5 (4. c3 Nc6 5. Nd2 Qb6 6. Qb3 Nh5 7. Qxb6 axb6 8. Bc7 cxd4 9. exd4 e5 10. Bxe5 Nxe5 11. dxe5 Bc5 12. g3 O-O {1-0 (76) Aronian,L (2765)-Caruana,F (2832) London 2018}) 4... Nc6 5. Bb5 e6 6. b4 {D00: 1 d4 d5: Unusual lines} a5 7. c3 Bd7 8. Qb3 $1 {The position is equal.} axb4 9. cxb4 Ne4 {[#] Strongly threatening ...Qf6.} 10. Ne2 Qf6 11. Nbc3 g5 {aiming for ...Nxc3.} 12. Bg3 $146 h5 $1 {[%cal Rh5h4]} 13. Rc1 {And now Nxe4 would win.} Nxc3 14. Nxc3 h4 15. Bc7 Rc8 16. Bb6 h3 17. gxh3 (17. g3 $1 $11 {remains equal.}) 17... Rxh3 $17 18. Bxc6 bxc6 ({But not} 18... Bxc6 19. b5 $15) 19. Ne2 e5 20. a4 Rf3 21. Ng3 Rxf2 22. Rf1 Rxf1+ 23. Nxf1 Qf3 24. Rc2 g4 $2 {[#]} (24... f5 $19 {White must now prevent ...f4.} 25. Rf2 Qh3) 25. Rf2 $11 Qe4 26. Ng3 Qg6 27. Qc2 {Accuracy: White = 52%, Black = 54%.} (27. a5 $11 {keeps the balance.}) 1/2-1/2

[Event "12th KIIT International 2019"]
[Site "Odisha"]
[Date "2019.06.05"]
[Round "8.5"]
[White "Laxman, R.R."]
[Black "Konguvel, Ponnuswamy"]
[Result "1/2-1/2"]
[WhiteElo "2437"]
[BlackElo "2293"]
[Annotator "ChessBase"]
[PlyCount "83"]
[EventDate "2019.05.31"]
[EventType "swiss"]
[EventCountry "IND"]
[TimeControl "5400+30"]

1. Nf3 {[%emt 0:00:00]} Nf6 {[%emt 0:00:00]} 2. c4 {[%emt 0:00:00]} g6 {[%emt 0:00:22]} 3. Nc3 {[%emt 0:00:03]} Bg7 {[%emt 0:00:33]} 4. d4 {[%emt 0:03:16]} d5 {[%emt 0:01:29]} 5. cxd5 {[%emt 0:00:09]} Nxd5 {[%emt 0:00:07]} 6. Bd2 {[%emt 0:00:03]} Nb6 {[%emt 0:01:15]} 7. e3 {[%emt 0:02:29]} O-O {[%emt 0:01:03]} 8. Bb5 {[%emt 0:00:26]} a6 {[%emt 0:08:26]} 9. Be2 {[%emt 0:00:24]} Nc6 {[%emt 0:00:04]} 10. O-O {[%emt 0:00:28]} e5 {[%emt 0:00:17]} 11. dxe5 {[%emt 0:00:06]} Nxe5 {[%emt 0:00:04]} 12. Nxe5 {[%emt 0:00:16]} Bxe5 {[%emt 0:00:05]} 13. Qc2 {[%emt 0:00:30]} Be6 {[%emt 0:03:05]} 14. Rad1 {[%emt 0:01:09]} Bg7 {[%emt 0:08:04]} 15. e4 {[%emt 0:01:47]} Qe7 {[%emt 0:01:36]} 16. Be3 {[%emt 0:03:21]} Rfd8 {[%emt 0:04:48]} 17. b3 {[%emt 0:00:13]} Rxd1 {[%emt 0:06:17]} 18. Rxd1 {[%emt 0:00:02]} Rd8 {[%emt 0:00:04]} 19. Rxd8+ {[%emt 0:08:39]} Qxd8 {[%emt 0:01:42]} 20. f4 {[%emt 0:00:02]} Qd7 {[%emt 0:09:56]} 21. Qd2 {[%emt 0:05:28]} Qxd2 {[%emt 0:02:35]} 22. Bxd2 {[%emt 0:02:01]} Bd4+ {[%emt 0:00:04]} 23. Kf1 {[%emt 0:00:02]} f5 {[%emt 0:00:14]} 24. Bf3 {[%emt 0:02:56]} c6 {[%emt 0:06:09]} 25. Ke2 {[%emt 0:01:10]} Nd7 {[%emt 0:02:34]} 26. h3 {[%emt 0:02:30]} Nc5 {[%emt 0:02:53]} 27. e5 {[%emt 0:00:33]} a5 {[%emt 0:00:26]} 28. g4 {[%emt 0:07:56]} Kf7 {[%emt 0:07:12]} 29. Be1 {[%emt 0:00:09]} a4 {[%emt 0:00:58]} 30. Nxa4 {[%emt 0:03:04]} Nxa4 {[%emt 0:03:25]} 31. bxa4 {[%emt 0:01:10]} Bxa2 {[%emt 0:01:32]} 32. gxf5 {[%emt 0:00:31]} Bc4+ {[%emt 0:00:42]} 33. Kd2 {[%emt 0:00:01]} gxf5 {[%emt 0:00:08]} 34. a5 {[%emt 0:01:42]} Ke6 {[%emt 0:01:46]} 35. h4 {[%emt 0:06:12]} Bc5 {[%emt 0:06:56]} 36. Kc3 {[%emt 0:00:40]} Bd5 {[%emt 0:00:12]} 37. Be2 {[%emt 0:00:17]} Be3 {[%emt 0:01:14]} 38. Bd2 {[%emt 0:00:37]} Bf2 {[%emt 0:00:07]} 39. h5 {[%emt 0:00:02]} Bc5 {[%emt 0:01:27]} 40. Bc4 {[%emt 0:03:02]} Bxc4 {[%emt 0:02:01]} 41. Kxc4 {[%emt 0:00:01]} Bf2 {[%emt 0:00:14]} 42. Kb4 {[%emt 0:01:59]} 1/2-1/2

[Event "12th KIIT International 2019"]
[Site "Odisha"]
[Date "2019.06.05"]
[Round "8.5"]
[White "Laxman, R.R."]
[Black "Konguvel, Ponnuswamy"]
[Result "*"]
[WhiteElo "2437"]
[BlackElo "2293"]
[Annotator "RC"]
[PlyCount "45"]
[EventDate "2019.05.31"]
[EventType "swiss"]
[EventCountry "IND"]
[SourceTitle "playchess.com"]
[Source "ChessBase"]
[SourceQuality "1"]
[TimeControl "5400+30"]

1. Nf3 {[%emt 0:00:00]} Nf6 {[%emt 0:00:00]} 2. c4 {[%emt 0:00:00]} g6 {[%emt 0:00:22]} 3. Nc3 {[%emt 0:00:03]} Bg7 {[%emt 0:00:33]} 4. d4 {[%emt 0:03:16]} d5 {[%emt 0:01:29]} 5. cxd5 {[%emt 0:00:09]} Nxd5 {[%emt 0:00:07]} 6. Bd2 {[%emt 0:00:03]} Nb6 {[%emt 0:01:15]} 7. e3 {[%emt 0:02:29]} O-O {[%emt 0:01:03]} 8. Bb5 {[%emt 0:00:26]} a6 {[%emt 0:08:26]} 9. Be2 {[%emt 0:00:24]} Nc6 {[%emt 0:00:04]} 10. O-O {[%emt 1:28:10]} e5 {[%emt 0:00:17]} 11. dxe5 {[%emt 0:00:06]} Nxe5 {[%emt 0:00:04]} 12. Nxe5 {[%emt 0:00:16]} Bxe5 {[%emt 0:00:05]} 13. Qc2 {[%emt 0:00:30]} Be6 {[%emt 0:03:05]} 14. Rad1 {[%emt 0:01:09]} Bg7 {[%emt 0:08:04]} 15. e4 {[%emt 0:01:47]} Qe7 {[%emt 0:01:36]} 16. Be3 {[%emt 0:03:21]} Rfd8 {[%emt 0:04:48]} 17. b3 {[%emt 0:00:13]} Rxd1 {[%emt 0:06:17]} 18. Rxd1 {[%emt 0:00:02]} Rd8 {[%emt 0:00:04]} 19. Rxd8+ {[%emt 0:08:39]} Qxd8 {[%emt 0:01:42]} 20. f4 {[%emt 0:00:02]} Qd7 {[%emt 0:09:56]} 21. Qd2 {[%emt 1:17:07]} Qd5 {[%emt 0:51:13]} 22. Qd3 Qxd3 {[%emt 0:00:00]} 23. Bd2 {[%emt 0:02:31]} *

[Event "12th KIIT International 2019"]
[Site "Odisha"]
[Date "2019.06.05"]
[Round "8.6"]
[White "Vardaan Nagpal"]
[Black "Shyaamnikhil P"]
[Result "0-1"]
[WhiteElo "2369"]
[BlackElo "2434"]
[Annotator "TA"]
[PlyCount "116"]
[EventDate "2019.05.31"]
[EventType "swiss"]
[EventCountry "IND"]
[SourceTitle "playchess.com"]
[Source "ChessBase"]
[SourceQuality "1"]

{[%evp 21,116,27,29,27,69,37,45,32,18,22,20,0,35,39,20,32,58,7,9,10,12,0,0,6,35,0,29,-9,12,6,22,20,22,37,68,62,96,71,73,60,108,90,84,60,127,119,154,92,83,113,83,40,60,0,124,72,75,67,101,0,10,0,61,0,11,0,0,0,7,-41,-53,-52,-45,-537,-537,-535,-535,-535,-535,-5666,-6054,-3648,-3648,-1660,-1431,-29971,-29974,-29974,-29975,-29976,-29977,-29976,-29973,-29979,-29979,-29977,-29979]} 1. d4 Nf6 2. Nf3 c5 3. d5 b5 4. c4 g6 5. cxb5 a6 6. b6 d6 7. Nc3 Nbd7 8. e4 Bg7 9. a4 a5 10. Bb5 O-O 11. O-O Nxb6 12. Re1 {A57: Benko/Volga Gambit} (12. Qc2 Ba6 13. Bxa6 Rxa6 14. Rb1 Qd7 15. b3 Rc8 16. Nd2 Ne8 17. Nc4 Nc7 18. Rd1 Rb8 19. Bd2 e6 20. dxe6 Qxe6 {½-½ (73) Macieja,B (2606)-Berg,E (2592) Warsaw 2008}) 12... Bb7 13. Bg5 h6 $146 ({Predecessor:} 13... Nfd7 14. Qd2 Ne5 15. Nxe5 Bxe5 16. Bh6 Bg7 17. Rad1 Ba6 18. Bxg7 Kxg7 19. b3 Bxb5 20. Nxb5 {1-0 (32) Capuano,E (2173)-Castrogiovanni,C (2108) Falconara Marittima 2005}) 14. Bh4 {White is slightly better.} g5 15. Bg3 Nh5 16. Qe2 e5 17. Nd2 Nf4 $1 {[%cal Rf4e2]} 18. Qd1 Kh8 19. Nc4 (19. Nf1 $14) 19... Nxc4 $11 20. Bxc4 Bc8 21. Ra3 Rb8 22. Nb5 Ra8 23. Rae3 Rg8 24. Be2 Bf6 25. Bg4 Bxg4 26. Qxg4 h5 27. Qf5 Ng6 {Threatening ...h4.} 28. h3 Nf8 29. Bh2 Ng6 30. Qf3 g4 31. hxg4 {g5! is the strong threat.} Nh4 32. Qe2 Rxg4 ({Black should play} 32... hxg4 $14 33. Bg3 Qd7) 33. Rg3 $1 $16 Qd7 34. Rxg4 (34. f4 $142) 34... hxg4 35. Bg3 Ng6 36. Qd2 Kg7 37. Kf1 ({Better is} 37. b3 $14) 37... Ne7 (37... Be7 $1 $11) 38. f4 ({White should try} 38. Ke2) 38... gxf3 39. gxf3 Ng6 {[#]} 40. Qg2 (40. Ke2 $1 $16) 40... Kf8 41. Ke2 Ke7 (41... Rb8 $1 $11) 42. Rh1 Rg8 {And now ...Nf4+ would win.} 43. Qh2 Rh8 $36 {[%mdl 2048] Black has good play.} 44. Qg1 Rb8 $1 45. Kd1 Rxb5 $1 46. axb5 Qxb5 47. Qg2 $2 {[%mdl 8192]} (47. Kc2 $1 $15) 47... Qd3+ $19 48. Ke1 {[#]} Nf4 $1 49. Bxf4 exf4 {[%mdl 4096] Endgame KQR-KQB} 50. Qf1 Qb1+ 51. Kf2 Qxb2+ 52. Qe2 a4 {[%cal Ba5a4,Ba4a3][%mdl 32]} 53. e5 Bxe5 {Black mates.} 54. Re1 Kf8 55. Kf1 Qxe2+ 56. Rxe2 a3 57. Ra2 Bb2 58. Ke2 c4 {Accuracy: White = 29%, Black = 52%.} 0-1